000 00343 a2200145 4500
001 156914
020 _a8526215388
040 _cEscola São Tomás de Aquino
100 _aMAGALHÃES, Augusto
240 1 0 _aAs amigas e as sombras
_lpor
245 1 0 _aAs amigas e as sombras
362 0 _a1995
697 _a*LITERATURA INFANTO
942 _cBK
999 _c156914
_d156914